| 000 | 00898nam a2200217 a 4500 | ||
|---|---|---|---|
| 003 | 0 | ||
| 005 | 20250517110029.0 | ||
| 008 | 021128s19uu xx 00 eng d | ||
| 050 |
_aPGS LB 2822.75 _b.R457 2001 |
||
| 100 | _aReyes, Arah Cheryl C. | ||
| 245 |
_aThe perception on the quality of education of grade six students of Southville International School and Almanza Elementary School / _cArah Cheryl C. Reyes. |
||
| 260 |
_aLas PiƱas City, Philippines : _bSouthville International School and Colleges, _c2001. |
||
| 300 |
_a28 pages : _bcolored illustrations ; _c28 cm. |
||
| 504 | _aIncludes bibliographical references. | ||
| 650 |
_aEducation, Elementary _vEvaluation. |
||
| 650 |
_aSchool children _vAttitudes. |
||
| 650 | _aAcademic achievement. | ||
| 650 |
_aPublic schools _zPhilippines _vEvaluation. |
||
| 650 |
_aPrivate schools _zPhilippines _vEvaluation. |
||
| 942 |
_2lcc _cPASS |
||
| 999 |
_c96529 _d96529 |
||